<?xml version="1.0" encoding="UTF-8"?>
<record
    xmlns:xsi="http://www.w3.org/2001/XMLSchema-instance"
    xsi:schemaLocation="http://www.loc.gov/MARC21/slim http://www.loc.gov/standards/marcxml/schema/MARC21slim.xsd"
    xmlns="http://www.loc.gov/MARC21/slim">

  <leader>01405nam2a2200253 i 4500</leader>
  <controlfield tag="001">RU\NLR\BIBL_A\011274298</controlfield>
  <controlfield tag="005">20240729041118.0</controlfield>
  <datafield tag="010" ind1=" " ind2=" ">
    <subfield code="a">9785170991211</subfield>
    <subfield code="9">3500</subfield>
  </datafield>
  <datafield tag="021" ind1=" " ind2=" ">
    <subfield code="a">RU</subfield>
    <subfield code="b">2016-84512</subfield>
    <subfield code="9">5523</subfield>
  </datafield>
  <datafield tag="035" ind1=" " ind2=" ">
    <subfield code="a">(NLR Aleph) 011274298</subfield>
  </datafield>
  <datafield tag="090" ind1=" " ind2=" ">
    <subfield code="a">10836400</subfield>
    <subfield code="c">10836400</subfield>
  </datafield>
  <datafield tag="100" ind1=" " ind2=" ">
    <subfield code="a">20161117g20169999u  y0rusy50      ca</subfield>
  </datafield>
  <datafield tag="101" ind1="1" ind2=" ">
    <subfield code="a">rus</subfield>
    <subfield code="c">eng</subfield>
  </datafield>
  <datafield tag="102" ind1=" " ind2=" ">
    <subfield code="a">RU</subfield>
  </datafield>
  <datafield tag="105" ind1=" " ind2=" ">
    <subfield code="a">y   z   000ay</subfield>
  </datafield>
  <datafield tag="200" ind1="1" ind2=" ">
    <subfield code="a">&#x427;&#x443;&#x436;&#x43E;&#x439;</subfield>
    <subfield code="i">&#x41D;&#x430;&#x448;&#x435;&#x441;&#x442;&#x432;&#x438;&#x435;</subfield>
    <subfield code="e">[&#x444;&#x430;&#x43D;&#x442;&#x430;&#x441;&#x442;&#x438;&#x447;&#x435;&#x441;&#x43A;&#x438;&#x439; &#x440;&#x43E;&#x43C;&#x430;&#x43D;</subfield>
    <subfield code="f">&#x43F;&#x435;&#x440;. &#x441; &#x430;&#x43D;&#x433;&#x43B;. &#x41E;&#x43B;&#x435;&#x433;&#x430; &#x41F;&#x435;&#x440;&#x444;&#x438;&#x43B;&#x44C;&#x435;&#x432;&#x430;]</subfield>
  </datafield>
  <datafield tag="210" ind1=" " ind2=" ">
    <subfield code="d">2016</subfield>
  </datafield>
  <datafield tag="215" ind1=" " ind2=" ">
    <subfield code="a">350, [1] &#x441;.</subfield>
  </datafield>
  <datafield tag="320" ind1=" " ind2=" ">
    <subfield code="a">&#x414;&#x440;. &#x43A;&#x43D;. &#x430;&#x432;&#x442;. &#x43D;&#x430; 2-&#x439; &#x441;.</subfield>
  </datafield>
  <datafield tag="461" ind1=" " ind2="0">
    <subfield code="1">001RU\NLR\BIBL_A\011118660</subfield>
    <subfield code="1">2001#$a&#x412;&#x43E;&#x439;&#x43D;&#x430; &#x44F;&#x440;&#x43E;&#x441;&#x442;&#x438;$e&#x442;&#x440;&#x438;&#x43B;&#x43E;&#x433;&#x438;&#x44F;$e[&#x43E;&#x440;&#x438;&#x433;&#x438;&#x43D;&#x430;&#x43B;&#x44C;&#x43D;&#x430;&#x44F; &#x438;&#x441;&#x442;&#x43E;&#x440;&#x438;&#x44F;, &#x431;&#x430;&#x437;&#x438;&#x440;&#x443;&#x44E;&#x449;&#x430;&#x44F;&#x441;&#x44F; &#x43D;&#x430; &#x431;&#x43B;&#x43E;&#x43A;&#x431;&#x430;&#x441;&#x442;&#x435;&#x440;&#x430;&#x445; &#x43A;&#x438;&#x43D;&#x43E;&#x441;&#x442;&#x443;&#x434;&#x438;&#x438; "&#x414;&#x432;&#x430;&#x434;&#x446;&#x430;&#x442;&#x44B;&#x439; &#x432;&#x435;&#x43A; &#x424;&#x43E;&#x43A;&#x441;"]$f&#x422;&#x438;&#x43C; &#x41B;&#x435;&#x431;&#x431;&#x43E;&#x43D;$g[&#x43F;&#x435;&#x440;. &#x441; &#x430;&#x43D;&#x433;&#x43B;. &#x42D;&#x43B;&#x44C;&#x433;&#x438; &#x411;&#x43E;&#x442;&#x43D;&#x430;&#x440;&#x44C;]$v&#x41A;&#x43D;. 2</subfield>
    <subfield code="1">700#1$a&#x41B;&#x435;&#x431;&#x431;&#x43E;&#x43D;$b&#x422;.$f1969-$g&#x422;&#x438;&#x43C;$3RU\NLR\AUTH\770158687</subfield>
    <subfield code="9">11507565</subfield>
    <subfield code="a">&#x41B;&#x435;&#x431;&#x431;&#x43E;&#x43D;, &#x422;. (1969-)</subfield>
    <subfield code="c">&#x41C;&#x43E;&#x441;&#x43A;&#x432;&#x430;</subfield>
    <subfield code="d">2016</subfield>
    <subfield code="f">&#x422;&#x438;&#x43C; &#x41B;&#x435;&#x431;&#x431;&#x43E;&#x43D;</subfield>
    <subfield code="n">&#x410;&#x421;&#x422;</subfield>
    <subfield code="o">&#x442;&#x440;&#x438;&#x43B;&#x43E;&#x433;&#x438;&#x44F; : [&#x43E;&#x440;&#x438;&#x433;&#x438;&#x43D;&#x430;&#x43B;&#x44C;&#x43D;&#x430;&#x44F; &#x438;&#x441;&#x442;&#x43E;&#x440;&#x438;&#x44F;, &#x431;&#x430;&#x437;&#x438;&#x440;&#x443;&#x44E;&#x449;&#x430;&#x44F;&#x441;&#x44F; &#x43D;&#x430; &#x431;&#x43B;&#x43E;&#x43A;&#x431;&#x430;&#x441;&#x442;&#x435;&#x440;&#x430;&#x445; &#x43A;&#x438;&#x43D;&#x43E;&#x441;&#x442;&#x443;&#x434;&#x438;&#x438; "&#x414;&#x432;&#x430;&#x434;&#x446;&#x430;&#x442;&#x44B;&#x439; &#x432;&#x435;&#x43A; &#x424;&#x43E;&#x43A;&#x441;"]</subfield>
    <subfield code="t">&#x412;&#x43E;&#x439;&#x43D;&#x430; &#x44F;&#x440;&#x43E;&#x441;&#x442;&#x438;</subfield>
    <subfield code="v">&#x41A;&#x43D;. 2</subfield>
  </datafield>
  <datafield tag="942" ind1=" " ind2=" ">
    <subfield code="c">BOOK</subfield>
  </datafield>
  <datafield tag="980" ind1=" " ind2=" ">
    <subfield code="a">NBR</subfield>
  </datafield>
</record>
